Florida Cities by Picture - Statistics

General Stats
  • This quiz has been taken 27 times
  • The average score is 10 of 18
Answer Stats
Picture Answer % Correct
Bay Lake / Orlando
95%
Miami
95%
Jacksonville
91%
Tampa
91%
Key West
77%
Tallahassee
77%
Daytona Beach
73%
Fort Lauderdale
59%
Pensacola
59%
St. Petersburg
59%
Gainesville
45%
St. Augustine
45%
Naples
41%
Coral Gables
18%
Hollywood
18%
Boca Raton
9%
Merritt Island / Titusville
9%
Jupiter
5%
No matching quizzes found
Score Distribution
Percent of People with Each Score
Percentile by Number Answered
Your Score History
You have not taken this quiz